Percy Jackson’s Greek Gods / (Record no. 368462)
[ view plain ]
| 000 -LEADER | |
|---|---|
| fixed length control field | 00900nam a22002297a 4500 |
| 003 - CONTROL NUMBER IDENTIFIER | |
| control field | 0 |
| 005 - DATE AND TIME OF LATEST TRANSACTION | |
| control field | 20251104151103.0 |
| 008 - FIXED-LENGTH DATA ELEMENTS--GENERAL INFORMATION | |
| fixed length control field | 251104b xxu||||| |||| 00| 0 eng d |
| 020 ## - INTERNATIONAL STANDARD BOOK NUMBER | |
| International Standard Book Number | 978-1-4231-8364-8 |
| 050 ## - LIBRARY OF CONGRESS CALL NUMBER | |
| Classification number | BL 783 |
| Item number | .R56 2014 |
| 100 ## - MAIN ENTRY--PERSONAL NAME | |
| Personal name | Riordan, Rick, |
| Relator term | author. |
| 245 ## - TITLE STATEMENT | |
| Title | Percy Jackson’s Greek Gods / |
| Statement of responsibility, etc | Rick Riordan ; illustrated by John Rocco. |
| 250 ## - EDITION STATEMENT | |
| Edition statement | First edition. |
| 260 ## - PUBLICATION, DISTRIBUTION, ETC. (IMPRINT) | |
| Place of publication, distribution, etc | Los Angeles : |
| Name of publisher, distributor, etc | Disney-Hyperion, |
| Date of publication, distribution, etc | 2014. |
| 300 ## - PHYSICAL DESCRIPTION | |
| Extent | ix, 318 pages : |
| Other physical details | color illustrations ; |
| Dimensions | 32 cm. |
| 500 ## - GENERAL NOTE | |
| General note | Illustrated by John Rocco. |
| 520 ## - SUMMARY, ETC. | |
| Summary, etc | Percy Jackson, demigod son of Poseidon, retells the stories of the Greek gods with wit, sarcasm, and modern humor, providing background for the heroes of Olympus. |
| 650 ## - SUBJECT ADDED ENTRY--TOPICAL TERM | |
| Topical term or geographic name as entry element | Mythology, Greek |
| Form subdivision | Juvenile literature. |
| 650 ## - SUBJECT ADDED ENTRY--TOPICAL TERM | |
| Topical term or geographic name as entry element | Gods, Greek |
| Form subdivision | Juvenile literature. |
| 700 ## - ADDED ENTRY--PERSONAL NAME | |
| Personal name | Rocco, John, |
| Relator term | illustrator. |
| 942 ## - ADDED ENTRY ELEMENTS (KOHA) | |
| Source of classification or shelving scheme | Library of Congress Classification |
| Koha item type | Books |
| Withdrawn status | Lost status | Source of classification or shelving scheme | Damaged status | Home library | Current library | Shelving location | Date acquired | Source of acquisition | Sub Shelving location | Total Checkouts | Full call number | Barcode | Date last seen | Price effective from | Koha item type |
|---|---|---|---|---|---|---|---|---|---|---|---|---|---|---|---|
| Library of Congress Classification | Luxembourg Library | Luxembourg Library | High School Section | 11/19/2024 | Library Fund | BL 783 .R56 2014 | 21417 | 11/04/2025 | 11/04/2025 | Books | |||||
| Library of Congress Classification | Luxembourg Library | Luxembourg Library | High School Section | 11/19/2024 | Library Fund | BL 783 .R56 2014 | 21418 | 11/04/2025 | 11/04/2025 | Books |